Statistics for Bad Translations of Song Lyrics - Disney

Click here to take the quiz!

General Stats

  • This quiz has been taken 6 times
  • The average score is 4 of 15

Answer Stats

Bad TranslationActual Lyric% Correct
Let's start defeating the Huns/When I asked my son, did they send my daughter?Let's get down to business, to defeat the Huns/Did they send me daughters, when I asked for sons? (I'll Make a Man Out of You)
67%
Everyone wants to be a bank account/Cats are only cats who know the place.Everybody wants to be a cat/Because a cat's the only cat who knows where it's at (Everybody Wants to be a Cat)
50%
Angry anger/Cold did not mind meLet the storm rage on/The cold never bothered me anyway (Let it Go)
50%
Expensive, good/In a damp place, below/Got it from meDarling it's better/Down where it's wetter/Take it from me (Under the Sea)
33%
In other words, you do not have to worry/Until your endIt means no worries/For the rest of your days (Hakuna Matata)
33%
No one will tell us/Or where to go/Or we are just dreamsNo one to tell us no/Or where to go/Or say we're only dreaming (A Whole New World)
33%
Have you heard the wolf in the blue moon?/Or ask a question while laughing at Bobatat: Why did you laugh?Have you ever heard the wolf cry to the blue corn moon?/Or asked the grinning bobcat why he grinned? (Colors of the Wind)
17%
I know that every mile is worth my time/When I go far, I will be the place to which I belongI know every mile would be worth my while/When I go the distance, I'll be right where I belong (Go the Distance)
17%
I will protect you/From all aspects/I will be here/Do not cryI will protect you/From all around you/I will be here/Don't you cry (You'll Be in My Heart)
17%
Can you see the line where the sky intersects the sea? My name is/No one knows how far it isSee the line where the sky meets the sea? It calls me/And no one knows, how far it goes (How Far I'll Go)
17%
When I was a man, I ate 14 eggs/It helps to improve every morningWhen I was a lad I ate four dozen eggs/Every morning to help me get large (Gaston)
17%
No matter where I go, no matter where I go/I can't worship my big houseWherever I wander, wherever I roam/I couldn't be fonder of my big home (The Bare Necessities)
17%
If that does not fear you/There is no wrongIf she doesn't scare you/No evil thing will (Cruella de Vil)
0%
It is a sign when it works/Happily, we can set the stageJust whistle while you work/And cheerfully together we can tidy up the place (Whistle While You Work)
0%
You are not important/All of you come to youMakes no difference who you are/Anything your heart desires will come to you (When You Wish Upon a Star)
0%

Score Distribution

Percentile by Number Answered

Percent of People with Each Score

Your Score History

You have not taken this quiz